| 000 | 00529nam a2200193 i 4500 | ||
|---|---|---|---|
| 001 | 23069 | ||
| 003 | ES-MaACL | ||
| 005 | 20250814011829.0 | ||
| 007 | t| | ||
| 008 | 021209s1946 sp ||||1| spa d | ||
| 100 | 1 |
_aAlvarado, Salustio. _920597 |
|
| 245 | 1 | 0 |
_aBiología general / _cSalustio Alvarado. |
| 260 |
_aMadrid : _b[s.n.], _c1946. |
||
| 300 |
_a3 v. : _bil. ; _c25 cm. |
||
| 500 | _aSon los fascículos 1º, 2º y 3º. | ||
| 650 | 0 | 7 |
_aBiología _2embne _910580 |
| 852 |
_aES-MaACL _jP-883 |
||
| 999 |
_c23069 _d23069 |
||